Stereotypy narodowe w świadomości Polaków

Titel: Stereotypy narodowe w świadomości Polaków : studium socjologiczno-politologiczne / Jan Błuszkowski
Verfasser:
Veröffentlicht: Warszawa : Dom Wydawn. "Elipsa", 2003
Umfang: 343 S.
Format: Buch
Sprache: Polnisch
ISBN: 8371514743
Buchumschlag
X
alg: 12838762
001A    $00077:11-05-05 
001B    $01999:20-04-21 $t21:22:08.000 
001C    $06002:07-03-06 $t07:58:43.000 
001D    $00077:11-05-05 
001U    $0utf8 
001X    $00 
002@    $0Aau 
003@    $0128387629 
003O    $056356146 $aOCoLC 
004A    $083-7151-474-3 
007A    $0128387629 $aHEB 
007T    $0Herdk29307 
010@    $apol 
011@    $a2003 
021A    $aStereotypy narodowe w świadomości Polaków $dstudium socjologiczno-politologiczne $hJan Błuszkowski 
028A    $7 $8Błuszkowski, Jan [Tnx] $9164574263 
033A    $pWarszawa $nDom Wydawn. "Elipsa" 
034D    $a343 S. 
045F    $a909 $eDDC23BSB 
045F/01 $a909 
045F/03 $g438 

lok: 12838762 25

exp: 12838762 25 1 #EPN
201B/01 $011-12-25 $t13:35:42.000 
201C/01 $011-05-05 
201U/01 $0utf8 
203@/01 $0249494078 
208@/01 $a11-05-05 $bz 
209A/01 $aMf 5100 $dd $f092 $x00 
209C/01 $a216/05 
209G/01 $a71052232 $x00 
209G/01 $aOsteuropäische Geschichte $x01 
247C/01 $8651092-9 <77/092>Mainz, Universität Mainz, Bereichsbibliothek Philosophicum, Standort Osteuropäische Geschichte $9102600414 

lok: 12838762 66

exp: 12838762 66 1 #EPN
201B/01 $016-10-09 $t19:32:01.000 
201U/01 $0utf8 
203@/01 $058300590X 
208@/01 $a15-10-09 $br 
209A/01 $aGk Błu/S $du $f000 $x00 
209C/01 $a05/a147 
244Z/01 $astereotypy narodowe $x01 
244Z/01 $aautostereotyp $x02 
244Z/01 $aFremdbild $x03 
247C/01 $8618123-5 Darmstadt, Bibliothek des Deutschen Polen-Instituts $9102600902 

lok: 12838762 78

exp: 12838762 78 1 #EPN
201B/01 $019-04-17 $t15:23:18.000 
201U/01 $0utf8 
203@/01 $0792191854 
208@/01 $a12-11-16 $be 
209A/01 $a/ $f000 $x00 
220C/01 $aTitelaufnehmer: pbb 
220C/01 $aHerkunft: IH PAN/PBB Kraków 
244Z/01 $2Trx $#Poola $#Lenkija $#Polija $#Polen Land $#Poland $#Lengyelország $#Poľsko $#Polsko $8--Trx--Polska$gkraj $x01 $9391345966 
244Z/01 $aGeschichte 1700-2003 $x02 
244Z/01 $2Trx $#stereotüübid $#stereotipai $#Stereotypes $#sztereotipiák $#stereotypy $#stereotypy $#stereotypy $#Imagologie $#Fremdwahrnehmung $#Fremdenwahrnehmung $#imagologia $#imagológia $#imagologie $8--Trx--Stereotype $x03 $9391366254 
244Z/01 $2Trx $8--Trx--Monographie $x04 $9391384546 
245Z/01 $a07.04 $x01 
247C/01 $82080>Marburg/Lahn, Herder-Institut, Forschungsbibliothek, Bibliographieportal $9336309341
LEADER 00000cam a2200000 c 4500
001 128387629
003 DE-603
005 20210420212208.0
007 tu
008 050511s2003 xx |||| | u00||u|pol c
020 |a 8371514743 
035 |a (DE-599)HEB128387629 
035 |a (OCoLC)56356146 
040 |a DE-603  |b ger  |c DE-603  |d DE-603 
041 |a pol 
082 0 4 |8 1\u  |a 909  |q DE-101  |2 23/BSB 
085 |8 1\u  |b 909 
085 |8 1\u  |z 2  |s 438 
100 1 |a Błuszkowski, Jan  |0 (DE-603)164574263 
245 0 0 |a Stereotypy narodowe w świadomości Polaków  |b studium socjologiczno-politologiczne  |c Jan Błuszkowski 
264 1 |a Warszawa  |b Dom Wydawn. "Elipsa"  |c 2003 
300 |a 343 S. 
924 0 |9 77/092  |a (DE-603)249494078  |b DE-77-092  |c HES  |d d  |g Mf 5100 
924 0 |9 Ds 123  |a (DE-603)58300590X  |b DE-Ds123  |c HES  |d d  |g Gk Błu/S 
924 0 |9 2080  |a (DE-603)792191854  |b DE-2080  |c HES  |d d  |g /